| 000 | 01141nas a2200337 4500 | ||
|---|---|---|---|
| 001 | BR2013006877 | ||
| 003 | BR-BrBNA | ||
| 005 | 20231205122912.0 | ||
| 007 | ta | ||
| 008 | 230509b bl.|||p| |||| 00| 00por d | ||
| 040 |
_aBR-BrBNA _bpor _cBiblioteca Nacional de Agricultura |
||
| 041 | _a(En) | ||
| 072 | _aF03 | ||
| 100 | 1 | _aPacheco, M.V. | |
| 100 | 1 | _aMattei, V.L. | |
| 100 | 1 | _aMatos, V.P. | |
| 100 | 1 | _aSena, L.H. de M. | |
| 245 | 1 | _aGermination and vigor of Dimorphandra mollis Benth. seeds under different temperatures and substrates | |
| 246 | 1 | _aGermination and vigor of Dimorphandra mollis Benth. seeds under different temperatures and substrates | |
| 650 | _aFAVEIRA | ||
| 650 | _aDIMORPHANDRA MOLLIS | ||
| 650 | _aSEMENTE | ||
| 650 | _aGERMINAÇÃO | ||
| 650 | _aTEMPERATURA | ||
| 650 | _aSUBSTRATO DE CULTURA | ||
| 650 | _aQUALIDADE | ||
| 773 | 0 |
_tRevista Árvore (Brazil) _xISSN 0100-6762 _g(Mar-Apr 2010), v. 34(2) p. 205-213 _wBR2013006877 |
|
| 856 | 4 |
_uhttp://www.scielo.br/pdf/rarv/v34n2/v34n2a02.pdf _yRecurso eletrônico (PDF) |
|
| 909 |
_a202311 _bLúcia _c55 _dLúcia Elande |
||
| 942 |
_2AGRIS _n0 _cANA |
||
| 999 |
_c231167 _d231167 |
||